UM Logo

Pagtatapos/ (Record no. 4211)

MARC details
000 -LEADER
fixed length control field 00551nam a2200169 4500
005 - DATE AND TIME OF LATEST TRANSACTION
control field 20250113085717.0
008 - FIXED-LENGTH DATA ELEMENTS--GENERAL INFORMATION
fixed length control field 160827b xxu||||| |||| 00| 0 eng d
022 ## - INTERNATIONAL STANDARD SERIAL NUMBER
International Standard Serial Number 2094-8042
082 ## - DEWEY DECIMAL CLASSIFICATION NUMBER
Classification number DPer 370.105 M72 Jan-Dec 2012 v. 60-61
100 ## - MAIN ENTRY--PERSONAL NAME
9 (RLIN) 13859
Personal name Almario, Rosemarie A.
245 ## - TITLE STATEMENT
Title Pagtatapos/
Statement of responsibility, etc. Rosemarie A. Almario.
260 ## - PUBLICATION, DISTRIBUTION, ETC. (IMPRINT)
Place of publication, distribution, etc. Philippines
Name of publisher, distributor, etc. Publishers Association of the Philippines, Inc.,
Date of publication, distribution, etc. 2012.
300 ## - PHYSICAL DESCRIPTION
Extent v60 n10, page 430;
Dimensions 28 cm.
500 ## - GENERAL NOTE
General note The Modern Teacher.
650 #0 - SUBJECT ADDED ENTRY--TOPICAL TERM
9 (RLIN) 19441
Topical term or geographic name as entry element Philippine
Form subdivision Poetry
942 ## - ADDED ENTRY ELEMENTS (KOHA)
Source of classification or shelving scheme Dewey Decimal Classification
Koha item type Periodicals
Holdings
Withdrawn status Lost status Source of classification or shelving scheme Damaged status Not for loan Collection code Home library Current library Date acquired Total Checkouts Full call number Date last seen Price effective from Koha item type Public note
    Dewey Decimal Classification     Periodicals UM Digos College - LIC UM Digos College - LIC 08/27/2016   DPer 370.105 M72 Jan-Dec 2012 v. 60-61 08/27/2016 08/27/2016 Periodicals Periodical article